[Event "Dulles Atlantic op 3rd"]
[Site "Dulles"]
[Date "2025.07.06"]
[Round "8"]
[White "Martin, Zachary D"]
[Black "Chong, Hanford"]
[Result "1/2-1/2"]
[WhiteElo "1958"]
[BlackElo "1969"]
[PlyCount "79"]
[EventDate "2025.07.02"]
[EventType "swiss"]
[EventRounds "9"]
[EventCountry "USA"]
[SourceTitle "CB28_2025"]
[SourceDate "2025.07.09"]
[SourceVersion "1"]
[SourceVersionDate "2025.07.09"]
[SourceQuality "1"]

1. e4 e5 2. Nf3 Nc6 3. Bb5 d6 4. 0-0 Bd7 5. d4 exd4 6. Nxd4 Nf6 7. Nc3 Be7 8. Be2 0-0 9. Be3 Re8 10. f4 Bf8 11. Bf3 Nxd4 12. Bxd4 Bc6 13. Qd3 Nd7 14. b4 b6 15. Nd5 Bb7 16. Bb2 c6 17. Ne3 c5 18. Nf5 cxb4 19. Rad1 a5 20. Rfe1 Rc8 21. Nxd6 Nc5 22. Qd4 Qxd6 23. Qxd6 Bxd6 24. Rxd6 Bxe4 25. Bxe4 Nxe4 26. Rxb6 h6 27. Re2 Rc5 28. a3 bxa3 29. Bxa3 Rd5 30. Rb1 f5 31. g4 Rc8 32. Rb7 Rd1+ 33. Kg2 fxg4 34. Bb2 Nf6 35. Bxf6 gxf6 36. Kg3 f5 37. Kh4 Rh1 38. Kh5 g3 39. Kg6 gxh2 40. Rg7+ 1/2-1/2